=LDR 00000nam 2200000 4500 =001 INLIS000000000055596 =005 20200702012737 =035 ##$$a 0010-0620000036 =245 1#$$a Bimbingan fiqih ibadah tinkat pertengahan /$c Al-Ustadz Umar Bin Achmad Baradja =100 #$$a Baradja, Al-Ustadz Umar Bin Achmad =300 ##$$a 59 hlm. ; $c 18 X 12 cm. =260 ##$$a Surabaya :$b Yayasan Penurus Islam Al-Ustadz Umar Baradja,$c 1992 =082 ##$$a 2X4.1 =084 ##$$a 2X4.1 BAR b =600 #4$$a Ibadah =008 200702################g##########0#ind## =990 ##$$a 1199400305 =990 ##$$a 1199400306